New York City Geography - Statistics

General Stats
  • This quiz has been taken 32,953 times
    27,652 since last reset
  • The average score is 16 of 24
Answer Stats
Question Answer % Correct
Boroughs Manhattan
98%
Boroughs Brooklyn
94%
Major airports John F. Kennedy
94%
Boroughs Bronx
92%
Boroughs Queens
92%
Street known as the center of the financial industry Wall Street
92%
Street famous for musical theaters Broadway
91%
Biggest park in Manhattan Central Park
91%
River separating Manhattan and New Jersey Hudson
84%
Boroughs Staten Island
83%
Historically black neighborhood named after a city in the Netherlands Harlem
78%
Island that contains two boroughs Long Island
77%
Major airports LaGuardia
75%
Island that millions of immigrants once passed through Ellis Island
72%
Ivy League university based in NYC Columbia
61%
Full name of "The Village" Greenwich Village
54%
Bridge which connects Manhattan and New Jersey George Washington
43%
Prison on an island in the East River Riker's Island
42%
Street that SoHo is south of Houston
36%
Street associated with the advertising industry Madison Avenue
32%
Park home to tennis's US Open and two World's Fairs Flushing Meadows Corona Park
28%
What Nolita is north of Little Italy
28%
Jerry's neighborhood on Seinfeld Upper West Side
22%
Beach neighborhood known for its Russian community Brighton Beach
21%
No matching quizzes found
Score Distribution
Percent of People with Each Score
Percentile by Number Answered
Your Score History
You have not taken this quiz since the last reset